Revista Inka Rimay : (Record no. 22038)

000 -CABECERA
fixed length control field 01234nam a22002297a 4500
003 - IDENTIFICADOR DEL NÚMERO DE CONTROL
control field AR-CdUCM
008 - DATOS DE LONGITUD FIJA--INFORMACIÓN GENERAL
fixed length control field 190515b ||||| |||| 00| 0 spa d
040 ## - FUENTE DE LA CATALOGACIÓN
Agencia/entidad que catalogó originalmente la obra MUNICIPALIDAD PROVINCIAL DEL CUSCO
Entidad que transcribió la catalogación BIBLIOTECA MUNICIPAL DEL CUSCO
082 ## - NÚMERO DE LA CLASIFICACIÓN DECIMAL DEWEY
No. de Clasificación InkaRimay/N°3/1994
110 ## - ENTRADA PRINCIPAL--NOMBRE DE ENTIDAD CORPORATIVA
Nombre de la institución, jurisdicción como entrada principal Academia Mayor de la Lengua Quechua
9 (RLIN) 7946
245 ## - MENCIÓN DE TÍTULO
Título Revista Inka Rimay :
Resto del título Órgano Cultural e Informativo de la Academia Mayor de Lengua Quechua /
260 ## - PUBLICACIÓN, DISTRIBUCIÓN, ETC.
Lugar de publicación, distribución, etc. Cusco :
Nombre de la editorial, distribuidor, etc. Mercantil,
Fecha de publicación, distribución, etc. 1994.
300 ## - DESCRIPCIÓN FÍSICA
Nº de Páginas Extensión 80 páginas ;
Dimensiones 30 cm.
440 ## - MENCIÓN DE SERIE/PUNTO DE ACCESO ADICIONAL--TÍTULO
Título Revista Inka Rimay.
Número de la parte/sección de una obra Año XLI, N°3, 1994
9 (RLIN) 47230
505 ## - NOTA DE CONTENIDO CON FORMATO
Nota de contenido formateada Contenido : El nombre Qosqo en sustitución de Cusco es oficializado. -- Escritura de los Inkas. -- Género de los quechuismos en el español. -- Las funciones del Intiwatana lítico. -- El Inti y la Pachamama dos deidades básicas de la Filosofía vitalista del inkanato. -- Ortografía Quechua. -- Usnu, altar. -- Inti Raymi historia viviente del Qosqo. -- Fuentes escritas de la lengua Quechua del Perú. -- Concurso de poesía Quechua Juan A. Manya...
650 ## - PUNTO DE ACCESO ADICIONAL DE MATERIA--TÉRMINO DE MATERIA
Descriptor Inkas
9 (RLIN) 1899
650 ## - PUNTO DE ACCESO ADICIONAL DE MATERIA--TÉRMINO DE MATERIA
Descriptor Idioma Quechua
9 (RLIN) 27790
650 ## - PUNTO DE ACCESO ADICIONAL DE MATERIA--TÉRMINO DE MATERIA
Descriptor Siglo XX
9 (RLIN) 8
710 ## - PUNTO DE ACCESO ADICIONAL--NOMBRE DE ENTIDAD CORPORATIVA
Nombre corporativo (En letras Mayúsculas) Municipalidad Provincial del Cusco
9 (RLIN) 47231
942 ## - ELEMENTOS DE PUNTO DE ACCESO ADICIONAL (KOHA)
Fuente de clasificación
Tipo de item Libros-BMC
945 ## - PROCESAMIENTO DE INFORMACIÓN LOCAL (OCLC)
Catalogador vhl
Holdings
Estado de retiro (separado) Fuente de clasificación o esquema de estanterías Estado dañado Ubicación Sala donde se ubica Nombre de la colección Fecha de adquisición o compra Costo, precio normal en soles Signatura topográfica Código de Barras Última vez visto (Koha) Tipo de ítem (Koha)
No     Sala Hemeroteca Sala Hemeroteca Book Cart 2022-02-16 10.00 InkaRimay/N°3/1994 REVC000628 2022-02-16 Revistas cusqueñas

Powered by Koha